| 000 | 00926cam a2200265 i 4500 | ||
|---|---|---|---|
| 999 |
_c27659 _d27659 |
||
| 001 | 1294246 | ||
| 003 | OSt | ||
| 005 | 20170209151849.0 | ||
| 008 | 760602s1975 maua b 000 0 eng | ||
| 010 | _a 76362764 | ||
| 040 |
_aDLC _cDLC _dDLC |
||
| 043 | _an-us--- | ||
| 050 | 0 | 0 |
_aN6507 _b.R48 |
| 082 | 0 | 0 | _a709/.73/07401441 |
| 100 | 1 | _aReutlinger, Dagmar E. | |
| 245 | 1 | 4 |
_aThe colonial epoch in America : _b[exhibition] April 18, 1975-January 4, 1976 / _cDagmar E. Reutlinger. |
| 260 |
_aWorcester, Mass. : _bWorcester Art Museum, _cc1975. |
||
| 300 |
_a79 p. : _bill. ; _c23 cm. |
||
| 504 | _aIncludes bibliographical references. | ||
| 650 | 0 |
_aArt, Colonial _zUnited States _xExhibitions. |
|
| 650 | 0 |
_aArt, American _xExhibitions. |
|
| 710 | 2 | _aWorcester Art Museum. | |
| 906 |
_a7 _bcbc _corignew _d2 _encip _f19 _gy-gencatlg |
||
| 942 |
_2lcc _cBOOKS _hN 6507 .R48 1975 |
||